Detalles MARC
| 000 -CABECERA |
| campo de control de longitud fija |
03149cam a22003854i 4500 |
| 001 - NÚMERO DE CONTROL |
| campo de control |
UByD004392 |
| 003 - IDENTIFICADOR DEL NÚMERO DE CONTROL |
| campo de control |
AR-LpoUNG |
| 005 - FECHA Y HORA DE LA ÚLTIMA TRANSACCIÓN |
| campo de control |
20260420140859.0 |
| 006 - CÓDIGOS DE INFORMACIÓN DE LONGITUD FIJA--CARACTERÍSTICAS DEL MATERIAL ADICIONAL |
| campo de control de longitud fija |
a||||gr|||| 000 0 |
| 007 - CAMPO FIJO DE DESCRIPCIÓN FÍSICA--INFORMACIÓN GENERAL |
| campo de control de longitud fija |
ta |
| 008 - DATOS DE LONGITUD FIJA--INFORMACIÓN GENERAL |
| campo de control de longitud fija |
260420s2012 ag d gr 000 0 spa d |
| 015 ## - NÚMERO DE BIBLIOGRAFÍA NACIONAL |
| Número de bibliografía nacional |
AR-2011 |
| 020 ## - NÚMERO INTERNACIONAL ESTÁNDAR DEL LIBRO |
| Número Internacional Estándar del Libro |
9789879300640 |
| 040 ## - FUENTE DE LA CATALOGACIÓN |
| Centro catalogador/agencia de origen |
AR-LpoUNG |
| Lengua de catalogación |
spa |
| Centro/agencia transcriptor |
AR-BaBN |
| Normas de descripción |
rda |
| Centro/agencia modificador |
AR-LpoUNG |
| 044 ## - CÓDIGO DEL PAÍS DE LA ENTIDAD EDITORA/PRODUCTORA |
| Código MARC del país |
ag |
| Código ISO del país |
ar-b |
| 080 1# - NÚMERO DE LA CLASIFICACIÓN DECIMAL UNIVERSAL |
| Número de la Clasificación Decimal Universal |
808.1(075.8) |
| Identificador de la edición |
2016 |
| 082 0# - NÚMERO DE LA CLASIFICACIÓN DECIMAL DEWEY |
| Número de clasificación |
410 228tex |
| 100 1# - ENTRADA PRINCIPAL--NOMBRE DE PERSONA |
| Nombre de persona |
Adelstein, Andreína |
| Término indicativo de función/relación |
autora |
| Código de función/relación |
aut |
| 245 14 - MENCIÓN DE TÍTULO |
| Título |
Los textos académicos en el nivel universitario |
| 250 ## - MENCIÓN DE EDICIÓN |
| Mención de edición |
1a ed., 6ta. reimpr. |
| 260 ## - PUBLICACIÓN, DISTRIBUCIÓN, ETC. |
| Lugar de publicación, distribución, etc. |
Los Polvorines : |
| Nombre del editor, distribuidor, etc. |
Universidad Nacional de General Sarmiento, |
| Fecha de publicación, distribución, etc. |
2012. |
| 300 ## - DESCRIPCIÓN FÍSICA |
| Extensión |
171 páginas : |
| Otras características físicas |
diagramas |
| 490 0# - MENCIÓN DE SERIE |
| Mención de serie |
Textos Básicos ; |
| Designación de volumen o secuencia |
3 |
| 504 ## - NOTA DE BIBLIOGRAFÍA, ETC. |
| Nota de bibliografía, etc. |
Incluye notas y referencias bibliográficas a pie de página. |
| 504 ## - NOTA DE BIBLIOGRAFÍA, ETC. |
| Nota de bibliografía, etc. |
Bibliografía: p. 169-171. |
| 505 2# - NOTA DE CONTENIDO CON FORMATO |
| Nota de contenido con formato |
Presentación -- Cap. 1: Textos académicos -- Cap. 2: Nivel situacional -- Cap. 3: Nivel funcional -- Cap. 4: Nivel semántico -- Cap. 5: Nivel formal -- Anexo. |
| 520 3# - SUMARIO, ETC. |
| Sumario, etc. |
El objetivo central de este libro es orientar el desarrollo de competencias de comprensión y producción textual, a partir del estudio de artículos de investigación científica. Particularmente, se propone contribuir a que los estudiantes universitarios se constituyan en usuarios autónomos y críticos de los textos de las distintas áreas de conocimiento. El libro está concebido como material didáctico para asignaturas de tipo taller y tiene un doble destinatario: el profesor de lengua, quien adecuará los contenidos del libro a las finalidades y destinatarios específicos de su asignatura, y el estudiante de los primeros años de una carrera universitaria, quien podrá emplearlo como obra de consulta y de ejercitación. Asimismo, puede ser de utilidad para docentes de las distintas disciplinas básicas preocupados por la producción y la recepción de los textos académicos, o para aquellos que estén interesados en las propiedades textuales del género artículo de investigación. El libro está estructurado en cinco capítulos y un anexo. Cada uno de los capítulos, a excepción del primero, que aborda la problemática del texto especializado y el marco teórico, está centrado en una dimensión textual diferente: la situación comunicativa, la función, el contenido y la forma de los textos. En ellos se exponen, en primer lugar, las propiedades del artículo de investigación correspondientes a la dimensión tratada. Luego, se ofrece una sistematización de los indicios lingüísticos que permiten reconocer el modo en que se instancian en los textos los distintos parámetros estudiados en cada dimensión. Finalmente, se presenta la ejercitación, que incluye consignas de trabajos prácticos, algunas de las cuales se presentan resueltas. |
| Fuente proveedora |
(Descripción del editor). |
| 650 #4 - PUNTO DE ACCESO ADICIONAL DE MATERIA--TÉRMINO DE MATERIA |
| Término de materia o nombre geográfico como elemento de entrada |
Enseñanza superior |
| 650 #4 - PUNTO DE ACCESO ADICIONAL DE MATERIA--TÉRMINO DE MATERIA |
| Término de materia o nombre geográfico como elemento de entrada |
Gramática |
| 650 #4 - PUNTO DE ACCESO ADICIONAL DE MATERIA--TÉRMINO DE MATERIA |
| Término de materia o nombre geográfico como elemento de entrada |
Lingüística |
| 650 #4 - PUNTO DE ACCESO ADICIONAL DE MATERIA--TÉRMINO DE MATERIA |
| Término de materia o nombre geográfico como elemento de entrada |
Sintaxis |
| 700 1# - PUNTO DE ACCESO ADICIONAL--NOMBRE DE PERSONA |
| Nombre de persona |
Kuguel, Inés |
| Término indicativo de función/relación |
autora |
| Código de función/relación |
aut |
| 942 ## - ELEMENTOS DE PUNTO DE ACCESO ADICIONAL (KOHA) |
| Fuente del sistema de clasificación o colocación |
Dewey Decimal Classification |
| Tipo de ítem Koha |
Libro |